It could be you (Record no. 74026)

MARC details
000 -LEADER
fixed length control field 01369cab a2200241 4500
001 - CONTROL NUMBER
control field ABS67348
008 - FIXED-LENGTH DATA ELEMENTS--GENERAL INFORMATION
fixed length control field 040106n2003 000 0 eng u
035 ## - SYSTEM CONTROL NUMBER
System control number (Sirsi) u124729
100 ## - MAIN ENTRY--PERSONAL NAME
Personal name Parisotti, M.
245 ## - TITLE STATEMENT
Title It could be you
260 ## - PUBLICATION, DISTRIBUTION, ETC.
Date of publication, distribution, etc. 2003
490 ## - SERIES STATEMENT
Series statement Building
Volume/sequential designation 268(8311) 5 December 2003, 47(1)
520 ## - SUMMARY, ETC.
Summary, etc. Highlights some of the problems that can occur with Professional Indemnity Insurance (PII) cover. Explains that with PII, the scope of cover applicable is when the claim is made rather than on an occurrence basis which is written for almost all other types of insurance in the UK. This issue is particularly important at the moment as many insurers are limiting their scope of cover and restrictions are occurring relating to areas such as terrorism, asbestos and toxic mould. Although there is little chance of any substantial change in this situation, advises that consultants can at least ensure that their insurer is a reputable one and that appropriate questions are asked about new exclusions and limitations to the policy.
590 ## - LOCAL NOTE (RLIN)
Local note ABS
650 ## - SUBJECT ADDED ENTRY--TOPICAL TERM
Topical term or geographic name entry element INSURANCE COVER
650 ## - SUBJECT ADDED ENTRY--TOPICAL TERM
Topical term or geographic name entry element INSURANCE CLAIM
650 ## - SUBJECT ADDED ENTRY--TOPICAL TERM
Topical term or geographic name entry element INSURANCE CLAUSES
650 ## - SUBJECT ADDED ENTRY--TOPICAL TERM
Topical term or geographic name entry element MANAGEMENT-HEALTH AND SAFETY-HAZARDOUS SUBSTANCES-ASBESTOS
650 ## - SUBJECT ADDED ENTRY--TOPICAL TERM
Topical term or geographic name entry element PROFESSIONAL INDEMNITY INSURANCE
650 ## - SUBJECT ADDED ENTRY--TOPICAL TERM
Topical term or geographic name entry element TOXIC MOULD
690 ## - LOCAL SUBJECT ADDED ENTRY--TOPICAL TERM (OCLC, RLIN)
Topical term or geographic name as entry element INSURANCE
9 (RLIN) 6249
942 ## - ADDED ENTRY ELEMENTS (KOHA)
Suppress in OPAC 0
Holdings
Withdrawn status Lost status Source of classification or shelving scheme Damaged status Not for loan Home library Current library Shelving location Date acquired Total Checkouts Full call number Barcode Date last seen Copy number Price effective from Koha item type
    Dewey Decimal Classification     London London Journal article 09/01/2004   ABS67348 124729-1001 06/08/2019 1 06/08/2019 Journal article